E69(三遠南信道など)のIC - Statistics

General Stats
  • This quiz has been taken 31 times
  • The average score is 9 of 16
Answer Stats
三遠南信道 % Correct
JCT 浜松いなさ
86%
JCT 浜松いなさ
86%
IC 浜松いなさ
86%
IC 東栄
68%
IC 鳳来峡
59%
JCT 三ヶ日
59%
IC 佐久間川合
50%
IC 浦川
50%
IC 浜松いなさ北
50%
IC 飯田山本
45%
IC/PA 天龍峡
45%
IC 喬木
45%
IC 渋川寺野
41%
IC 千代
32%
IC 飯田上久堅・喬木富田
27%
IC 龍江
18%
No matching quizzes found
Score Distribution
Percent of People with Each Score
Percentile by Number Answered
Your Score History
You have not taken this quiz